000 00345nam a22001337a 4500
008 250802b |||||||| |||| 00| 0 eng d
100 _aKrish Gupta
245 _aRole of Machine Learning in Customer Relationship Management
250 _a2021
260 _aJammu
_bMIET (Autonomous)
_c2021
300 _a61
650 _aBBA
942 _2ddc
_cTH
999 _c21371
_d21371